Envejecimiento femenino y menopausia: un abordaje antropológico /

সংরক্ষণ করুন:
গ্রন্থ-পঞ্জীর বিবরন
প্রধান লেখক: Reis, Ana Paula dos
অন্যান্য লেখক: Alves, Meigle Rafael
বিন্যাস: পাঠ‍্য
বিষয়গুলি:
ট্যাগগুলো: ট্যাগ যুক্ত করুন
কোনো ট্যাগ নেই, প্রথমজন হিসাবে ট্যাগ করুন!

MARC

LEADER 00000 a a2200000 04500
001 4587
003
040
100 |a Reis, Ana Paula dos  
245 |a Envejecimiento femenino y menopausia:   |b un abordaje antropológico /  |c Ana Paula dos Reis ; Meigle Rafael Alves 
650 |a MUJERES  
650 |a ENVEJECIMIENTO  
650 |a DISCURSOS  
650 |a ESTEREOTIPOS  
650 |a ANALISIS DE GENERO  
700 |a Alves, Meigle Rafael  
773 |g número 4; páginas 40-44  
999 |c 37131  |d 37131